| 000 | 00634nam a2200181 4500 | ||
|---|---|---|---|
| 008 | 010914s1998 us 0 engYA | ||
| 090 |
_aZ7770 _bG52 |
||
| 100 | 1 | _aGlynn, John | |
| 245 | 1 | 0 |
_aCommentary and reference survey : _ba periodical buyer's/study guide / _ccompiled by John Glynn. |
| 260 |
_a[Texas] : _bDallas Theological Seminary, _cc1998. |
||
| 300 | _a82 p. | ||
| 500 | _aOne copy in General Circulation | ||
| 504 | _aBiblio: pp. 3-4 | ||
| 505 | 0 | _aVol. III, no. 2 | |
| 650 | 4 |
_aBible _xCommentaries _xBibliography. |
|
| 650 | 4 |
_aReference books _xBibliography |
|
| 951 |
_p21281 _oZ7770/G52 _j070613111002875 _d2000-12-21 _cREF |
||
| 999 |
_c4065 _d4065 |
||